Xử lý vấn đề bùn khó lắng bằng biện pháp sinh, hóa học : Luận văn tốt nghiệp Đại học. Ngành Kỹ thuật Môi trường

Tìm hiểu về biện pháp xử lý khi hệ thống gặp vấn đề về bùn khó lắng, cụ thể là xử lý bằng biện pháp sinh học ( tiến hành trong bể selector) và xử lý bằng biện pháp hóa học ( sử dụng chlorine và hydrogen peroxide)...

Descrizione completa

Salvato in:
Dettagli Bibliografici
Autore principale: Nguyễn, Văn Thứ
Natura: Libro
Lingua:Undetermined
Pubblicazione: Cần Thơ Đại học Cần Thơ 2010
Soggetti:
Tags: Aggiungi Tag
Nessun Tag, puoi essere il primo ad aggiungerne! !
Thư viện lưu trữ: Trung tâm Học liệu Trường Đại học Cần Thơ
LEADER 01165nam a2200217Ia 4500
001 CTU_167968
008 210402s9999 xx 000 0 und d
082 |a 628.351 
082 |b Th550 
100 |a Nguyễn, Văn Thứ 
245 0 |a Xử lý vấn đề bùn khó lắng bằng biện pháp sinh, hóa học : 
245 0 |b Luận văn tốt nghiệp Đại học. Ngành Kỹ thuật Môi trường 
245 0 |c Nguyễn Văn Thứ... [ et al.] 
260 |a Cần Thơ 
260 |b Đại học Cần Thơ 
260 |c 2010 
520 |a Tìm hiểu về biện pháp xử lý khi hệ thống gặp vấn đề về bùn khó lắng, cụ thể là xử lý bằng biện pháp sinh học ( tiến hành trong bể selector) và xử lý bằng biện pháp hóa học ( sử dụng chlorine và hydrogen peroxide) 
650 |a Sewage sludge,Microorganisms,Xử lý nước thải bùn,Vi sinh vật 
650 |x Characterization,Mô tả đặc tính 
904 |i Năm 
980 |a Trung tâm Học liệu Trường Đại học Cần Thơ